The little red hen / (Record no. 8736)

MARC details
000 -LEADER
fixed length control field 00916nam a22002657a 4500
001 - CONTROL NUMBER
control field 8736
003 - CONTROL NUMBER IDENTIFIER
control field FISKH
005 - DATE AND TIME OF LATEST TRANSACTION
control field 20251017101934.0
008 - FIXED-LENGTH DATA ELEMENTS--GENERAL INFORMATION
fixed length control field 251016b cb ||||| |||| 00| 0 eng d
040 ## - CATALOGING SOURCE
Original cataloging agency FISKH
Language of cataloging eng
Transcribing agency FISKH
Modifying agency FISKH
050 ## - LIBRARY OF CONGRESS CALL NUMBER
Classification number PZ8.L57 D38
082 ## - DEWEY DECIMAL CLASSIFICATION NUMBER
Classification number 398.245
100 ## - MAIN ENTRY--PERSONAL NAME
Personal name Davidson, Susanna
Relator term Author
245 ## - TITLE STATEMENT
Title The little red hen /
Statement of responsibility, etc. Retold by Susanna Davidson ; Illustrated by Daniel Postgate
260 ## - PUBLICATION, DISTRIBUTION, ETC.
Place of publication, distribution, etc. London :
Name of publisher, distributor, etc. Usborne Publishing ,
Date of publication, distribution, etc. 2006
300 ## - PHYSICAL DESCRIPTION
Extent 48 pages :
Other physical details color illustrations ;
Dimensions 20 cm
505 ## - FORMATTED CONTENTS NOTE
Formatted contents note G<br/>
520 ## - SUMMARY, ETC.
Summary, etc. Each title in this series is a classic story or fable, retold with simple text to delight and inspire any child who is just beginning to read.
521 8# - TARGET AUDIENCE NOTE
Target audience note 350<br/>
Source Lexile estimate <br/>
521 8# - TARGET AUDIENCE NOTE
Target audience note G<br/>
Source Raz-Plus<br/>
650 ## - SUBJECT ADDED ENTRY--TOPICAL TERM
Topical term or geographic name entry element Children classics
Form subdivision Moral stories
700 ## - ADDED ENTRY--PERSONAL NAME
Personal name Postgate, Daniel
Relator term Illustrator
942 ## - ADDED ENTRY ELEMENTS (KOHA)
Source of classification or shelving scheme Dewey Decimal Classification
Koha item type Books
Suppress in OPAC No
Holdings
Withdrawn status Lost status Source of classification or shelving scheme Damaged status Not for loan Home library Current library Shelving location Date acquired Total Checkouts Full call number Barcode Date last seen Date last checked out Copy number Price effective from Koha item type
    Dewey Decimal Classification     Footprints International School Library Network Toul Tom Poung Campus Footprints International School Library Network Toul Tom Poung Campus TTP Primary Green Bookshelves 10/16/2025 2 DAV 398.245 PZ8.L57 D38 2025-4585 03/20/2026 03/17/2026 1 10/16/2025 Books